000 00252nam a22001217a 4500
008 170425b xxu||||| |||| 00| 0 eng d
041 _aALB
080 _a547
100 _a12
101 _aSHM
245 _aKIMIA ORGANIKE
_cTROJA.P
942 _2udc
_cBK
999 _c11882
_d11882